General climatology / (Record no. 151689)

MARC details
000 -LEADER
fixed length control field 00720nam a22001937a 4500
005 - DATE AND TIME OF LATEST TRANSACTION
control field 20180423152619.0
010 ## - LCCN (DPL NO)
LC control number B-691517-518
020 ## - INTERNATIONAL STANDARD BOOK NUMBER
Terms of availability 479.00
International Standard Book Number 9789332555242
035 ## - SYSTEM CONTROL NUMBER
System control number B-691517-518
037 ## - SOURCE OF ACQUISITION
Source of stock number/acquisition R.K.Books
082 ## - DEWEY DECIMAL CLASSIFICATION NUMBER
Classification number 551.6
100 ## - MAIN ENTRY--PERSONAL NAME
Personal name Critchfield, Howard J.
245 ## - TITLE STATEMENT
Title General climatology /
Statement of responsibility, etc by Howard J. Critchfield,
260 ## - PUBLICATION, DISTRIBUTION, ETC. (IMPRINT)
Place of publication, distribution, etc Noida
Name of publisher, distributor, etc Pearson
Date of publication, distribution, etc 2015
270 ## - ADDRESS
Address World Trade Tower, Plot No.-1,Block-C, Sector-16,
City Noida
Postal code 201301
300 ## - PHYSICAL DESCRIPTION
Extent 453p.
Other physical details 24cm(pbk).
942 ## - ADDED ENTRY ELEMENTS (KOHA)
Source of classification or shelving scheme Dewey Decimal Classification
Item type English Books
Classification part 551.6
Call number suffix CRI
Holdings
Withdrawn status Lost status Not for loan Collection code Home library Current library Date acquired Source of acquisition Cost, normal purchase price Full call number Barcode Copy number Cost, replacement price Koha item type
      Non-fiction Bawana Bawana 23/04/2018 R.K.Books IN4122/17-18/26.03.2018/897/23.03.2018/27.03.2018 479.00 551.6 CRI B-691518 1 479.00 English Books
      Non-fiction Narela Narela 23/04/2018 R.K.Books IN4122/17-18/26.03.2018/897/23.03.2018/27.03.2018 479.00 551.6 CRI B-691517 1 479.00 English Books

© Delhi Public Library
Hit Counter
free hit counter